Planets by Size - Sudden Death - Statistics

General Stats
  • This quiz has been taken 139 times
  • The average score is 4 of 8
Answer Stats
Hint Answer % Correct
The biggest Jupiter
100%
Less big Saturn
87%
Slightly smaller Uranus
46%
Smaller again Neptune
44%
One more time Earth
38%
Actually another time Venus
29%
We're not done yet‽ Mars
28%
Wait what about Pl- Mercury
28%
No matching quizzes found
Score Distribution
Percent of People with Each Score
Percentile by Number Answered
Your Score History
You have not taken this quiz